| 000 | 01022nam a22002537a 4500 | ||
|---|---|---|---|
| 999 |
_c64990 _d64990 |
||
| 005 | 20240530110801.0 | ||
| 008 | 190211s2018 ua g b 000 0 ara d | ||
| 017 |
_a2018/2905 _bمصر. دار الكتب |
||
| 020 | _a9789777221238 | ||
| 040 |
_aEG-CaGPL _cEG-CaGPL |
||
| 082 | 0 | 4 |
_221 _a330.121/ _bز ا |
| 100 | 0 | _aزينب صالح الاشوح | |
| 245 | 1 | 2 |
_aالاقتصاد الاسلامى وتاصيلة للنظريات والنظم الاقتصادية المعاصرة / _cتاليف زينب صالح الاشوح |
| 250 | _aط.1 | ||
| 260 |
_aالقاهرة : _bالمجموعة العربية للتدريب و النشر، _c2018. |
||
| 300 |
_a288 ص. ؛ _c24 سم. |
||
| 504 | _aيشتمل على ارجاعات ببليوجرافية | ||
| 650 | 0 | 7 |
_2qrmak _aالاقتصاد الاسلامى |
| 650 | 0 | 7 |
_2qrmak _aالعلاقات الاقتصادية |
| 650 | 0 | 7 |
_2qrmak _aالعالم الاسلامى |
| 650 | 0 | 7 | _2qrmak |
| 942 |
_2ddc _cBK |
||